Handbook of adult education in the United States (Record no. 1344508)

MARC details
000 -LEADER
fixed length control field 00605nam a2200193Ia 4500
005 - DATE AND TIME OF LATEST TRANSACTION
control field 20250508153626.0
008 - FIXED-LENGTH DATA ELEMENTS--GENERAL INFORMATION
fixed length control field 008 250505s9999 xx 000 0 eng d
037 ## - SOURCE OF ACQUISITION
Stock number Textual
040 ## - CATALOGING SOURCE
Original cataloging agency FEDL
Language of cataloging eng
Transcribing agency FEDL
041 ## - LANGUAGE CODE
Language code of text/sound track or separate title eng
Source of code eng
084 ## - COLON CLASSIFICATION NUMBER
Classification number 374.973, COL
Assigning agency FEDL
100 ## - MAIN ENTRY--PERSONAL NAME
Personal name Ely Mary L Ed.
9 (RLIN) 759278
245 #0 - TITLE STATEMENT
Title Handbook of adult education in the United States
245 #0 - TITLE STATEMENT
Statement of responsibility, etc. Columbia University,Teachers College, Institute of Adult Education
260 ## - PUBLICATION, DISTRIBUTION, ETC.
Place of publication, distribution, etc. Columbia
Name of publisher, distributor, etc. Bureau of Publications
Date of publication, distribution, etc. 1948
300 ## - PHYSICAL DESCRIPTION
Extent 555p.
942 ## - ADDED ENTRY ELEMENTS (KOHA)
Koha item type Textual
Classification part 374.973, COL
Holdings
Withdrawn status Lost status Damaged status Not for loan Home library Current library Date acquired Total Checkouts Full call number Barcode Date last seen Price effective from Koha item type
        Department of Education Library Department of Education Library 2025-05-08   374.973, COL EL0027746 2025-05-08 2025-05-08 Textual
Copyright @ Delhi University Library System